MARC details
| 000 -LEADER |
| fixed length control field |
01093nam a2200277 a 4500 |
| 008 - FIXED-LENGTH DATA ELEMENTS--GENERAL INFORMATION |
| fixed length control field |
120416s2004 ||||||||||||||||| || u |
| 020 ## - INTERNATIONAL STANDARD BOOK NUMBER |
| International Standard Book Number |
1843764822 |
| 050 ## - LIBRARY OF CONGRESS CALL NUMBER |
| Classification number |
HD 3616.D452 Lea |
| 100 ## - MAIN ENTRY--PERSONAL NAME |
| Personal name |
Parker, David |
| 245 10 - TITLE STATEMENT |
| Title |
Leading issues in competition, regulation and development |
| Statement of responsibility, etc. |
edited by Paul Cook |
| 260 ## - PUBLICATION, DISTRIBUTION, ETC. |
| Place of publication, distribution, etc. |
Cheltenham |
| Name of publisher, distributor, etc. |
Edward Elgar |
| Date of publication, distribution, etc. |
2004 |
| 300 ## - PHYSICAL DESCRIPTION |
| Extent |
xi, 452p. : ill. |
| 350 ## - PRICE (NR) (BK AM CF MU VM SE) [OBSOLETE] |
| Price |
0.00 |
| 490 ## - SERIES STATEMENT |
| Series statement |
The CRC series on competition, regulation and development |
| 500 ## - GENERAL NOTE |
| General note |
Includes bibliographical references and index. |
| 650 ## - SUBJECT ADDED ENTRY--TOPICAL TERM |
| Topical term or geographic name entry element |
TRADE REGULATION--DEVELOPING COUNTRIES |
| 650 ## - SUBJECT ADDED ENTRY--TOPICAL TERM |
| Topical term or geographic name entry element |
COMPETITION, INTERNATIONAL |
| 650 ## - SUBJECT ADDED ENTRY--TOPICAL TERM |
| Topical term or geographic name entry element |
COMPETITION--DEVELOPING COUNTRIES |
| 650 ## - SUBJECT ADDED ENTRY--TOPICAL TERM |
| Topical term or geographic name entry element |
DEVELOPING COUNTRIES--FOREIGN ECONOMIC RELATIONS |
| 650 ## - SUBJECT ADDED ENTRY--TOPICAL TERM |
| Topical term or geographic name entry element |
Industrial policy--Developing countries |
| 650 ## - SUBJECT ADDED ENTRY--TOPICAL TERM |
| Topical term or geographic name entry element |
INDUSTRY |
| 700 ## - ADDED ENTRY--PERSONAL NAME |
| Personal name |
Cook, Paul, 1944- |
| 700 ## - ADDED ENTRY--PERSONAL NAME |
| Personal name |
Kirkpatrick, Colin |
| 700 ## - ADDED ENTRY--PERSONAL NAME |
| Personal name |
Minogue, Martin |
| 995 ## - RECOMMENDATION 995 [LOCAL, UNIMARC FRANCE] |
| -- |
0.00 |
| -- |
CBU-MAIN LIBRARY (Kitwe) |
| -- |
1 |
| -- |
39.50 |
| -- |
1 |
| -- |
AVAILABLE |
| -- |
Main Library Open Access Collection |